00563nam a22001097a 4500008004100000100002300041245003500064260005200099300003600151520021400187773005200401250724b ||||| |||| 00| 0 eng d aOrsini, Francesca  aMaulana Da’ud, The Chandayan aThe Indian Economic and Social History Review  a62(2), Apr-Jun, 2025: p.272-274 aTrans. Richard j. Cohen, with essays by Naman P. Ahuja, Vivek Gupta and Qamar Adamjee (Mumbai: the Marg foundation, 2024), 424 pp.- Reproduced https://journals.sagepub.com/doi/full/10.1177/00194646251322490  aThe Indian Economic and Social History Review